Cuestiones judiciales /

Colección centrada principalmente en temas de teoría y filosofía del derecho, si bien también da cabida a textos sobre filosofía política y ética. El volumen 91 está conformado por siete trabajos que plantean un problema o conjunto de problemas importantes para la práctica judicial: la importancia d...

Descripció completa

Guardat en:
Dades bibliogràfiques
Autor principal: Atienza, Manuel (autor)
Format: Llibre
Idioma:espanyol
Publicat: México : Fontamara, 2001, c2001
Col·lecció:(Biblioteca de Etica, Filosofía del Derecho y Política ; 91)
Matèries:
Etiquetes: Afegir etiqueta
Sense etiquetes, Sigues el primer a etiquetar aquest registre!

MARC

LEADER 00000nam^a2200000^a^4500
001 000157815
005 20250521000000.0
009 20260310100552.842
020 |a 968-476-425-1 
037 |a Acervo ITESO - Biblioteca 
041 |a ESP 
082 |a 340. 1  |b BIB V. 91 
100 |a Atienza, Manuel  |e (autor) 
240 1 1 |a [Biblioteca de ética, filosofía del derecho y política] 
245 1 0 |a Cuestiones judiciales /  |c M. Atienza ; dir. de la serie de E. Garzón Valdés, R. Vázquez. 
264 4 |a México :  |b Fontamara,  |c 2001, c2001 
300 |a 155 p. 
336 |a texto  |b txt  |2 rdacontenido 
337 |a sin mediación  |b n  |2 rdamedio 
338 |a volumen  |b nc  |2 rdasoporte 
440 1 |a (Biblioteca de Etica, Filosofía del Derecho y Política ;  |v 91) 
520 |a Colección centrada principalmente en temas de teoría y filosofía del derecho, si bien también da cabida a textos sobre filosofía política y ética. El volumen 91 está conformado por siete trabajos que plantean un problema o conjunto de problemas importantes para la práctica judicial: la importancia de la teoría del derecho para comprender y mejorar dicha práctica; la necesidad de tomar en serio la argumentación en materia de hechos; el control judicial de la discrecionalidad administrativa y sus límites; el significado de la interpretación y de la argumentación en el contexto de un Estado de derecho; la posibilidad de elaborar un modelo de interpretación jurídica que considere instrumentos procedentes tanto de la filosofía analítica como de la hermenéutica; la selección y formación de los jueces y relacionado con ello, la relevancia y legitimidad del discurso sobre las virtudes judiciales; la ética judicial y en particular, la conveniencia o no de elaborar un código deontológico sobre la conducta profesional de los jueces. 
649 |a XX 
650 |a Jueces -  |x Prácticas Profesionales 
650 |a Abogados -  |x Prácticas Profesionales 
650 |a Argumentación Jurídica 
650 |a Discreción Administrativa 
650 |a Hermenéutica 
650 |a Filosofía Analítica 
650 |a Etica Jurídica 
650 |a Etica Profesional 
650 |a Estado de Derecho 
650 |a Práctica Jurídica 
650 |a Derecho -  |x Prácticas Profesionales 
650 |a Derecho -  |x Estudio y Enseñanza 
650 |a Derecho -  |x Interpretación 
650 |a Derecho y Etica 
650 |a Derecho -  |x Teoría 
650 |a Derecho -  |x Filosofía -  |x Tema Principal 
910 |a Fondo General 
920 |a Impresos - Libros 
930 |a Colección General 
905 |a 101 
901 |a 0500087557  |b IT1  |c ACC  |u 20250521 
902 |a https://opac.biblio.iteso.mx/vufind/Record/000157815